000 00520nmm a2200169Ia 4500
008 251105s9999||||xx |||||||||||||||||und||
020 _a9788497426428
041 _aspa
100 _aGonzález R. Arnaiz, Graciano
245 0 _aÉtica de la paz. :
_b Valor, ideal y derecho humano
264 _a[Madrid, España] :
_bBiblioteca Nueva,
_c2007
300 _a227 páginas
490 _aEnsayo Biblioteca Nueva
650 _aPhilosophy, Ethics
856 _uhttps://public.digitaliapublishing.com/a/17443
942 _cCF
999 _c90314
_d90314